The Office, tous les personnages - Statistiques

Statistiques générales
  • Ce quiz a été pris 1 353 fois
  • Le résultat moyen est 13 sur 23
Statistiques - réponses
Réponse % Correct
Jim
99%
Pam
99%
Dwight
96%
Michael
94%
Angela
86%
Kevin
80%
Oscar
76%
Kelly
72%
Stanley
72%
Ryan
70%
Creed
65%
Phyllis
65%
Tobby
62%
Erin
46%
Darryl
44%
Jane
39%
Holly
34%
Gabe
21%
David Wallace
20%
Robert California
11%
Ed
9%
Nellie
9%
Todd Paker
2%
Aucun quiz correspondant
Distribution des résultats
% des personnes avec chaque résultat
Percentile par nombre de réponses
Votre historique - résultats
Vous n’avez pas pris ce quiz